Lupo Astolfo /

Guardat en:
Dades bibliogràfiques
Autor principal: Lorenzoni, Chiara (Autor)
Altres autors: Vignaga, Francesca (Illustrador)
Format: Llibre
Idioma:italià
Publicat: Milano : RCS MediaGroup, 2022
Edició:Ed. speciale per La Gazzetta dello Sport
Col·lecció:Lilliput ; 1
Le collane de La gazzetta dello sport
Matèries:
Etiquetes: Afegir etiqueta
Sense etiquetes, Sigues el primer a etiquetar aquest registre!

MARC

LEADER 00000nam a22000007i 4500
001 IT\ICCU\TO0\2052733
003 ItRI
005 20260115232237.0
008 191209s2022 it |||||| ||||| |||||c
040 |b ita  |c importazione bologna sebina 
041 7 |a ita  |2 ISO-639-2 
082 |a 853.92  |9 NARRATIVA ITALIANA, 2000-  |2 23 
100 1 |a Lorenzoni, Chiara  |0 IT\ICCU\MODV\643429  |4 aut 
240 1 0 |a Lupo Astolfo  |3 IT\ICCU\TO1\0028026  |9 Lorenzoni, Chiara 
245 1 0 |a Lupo Astolfo /  |c Chiara Lorenzoni ; disegni di Francesca Dafne Vignaga. 
250 |a Ed. speciale per La Gazzetta dello Sport 
260 |a Milano :  |b RCS MediaGroup,  |c 2022 
300 |a [36] p. :  |b ill. ;  |c 21 cm 
500 |a Testo in stampatello maiuscolo 
500 |a In abbinamento a il Corriere della sera e La Gazzetta dello Sport 
500 |a Volume ad alta leggibilità stampato con font EasyReading® 
650 7 |a primi libri per bambini 
700 1 |a Vignaga, Francesca  |0 IT\ICCU\TSAV\427351  |4 ill 
790 1 |a Vignaga, Francesca Dafne  |3 IT\ICCU\SBNV\103960  |z Vignaga, Francesca 
830 0 |a Lilliput ;  |v 1  |0 IT\ICCU\BCT\0071991 
830 3 |a Le collane de La gazzetta dello sport  |0 IT\ICCU\TSA\1337345 
942 |2 ddc  |c BK  |n 0 
952 |0 0  |1 0  |4 0  |6 R_853_920000000000000_LOR  |7 0  |9 22776  |a BO  |b BO  |d 2026-01-15  |i 19927  |l 0  |o R 853.92 LOR  |p BO19927  |r 2026-01-15 23:22:37  |w 2026-01-15  |x [Sebina 5] [1 v.]  |y BK  |z 1 v. 
999 |c 19442  |d 19442